[Event "Lohmar op"]
[Site "Lohmar"]
[Date "2000.03.17"]
[Round "7"]
[White "Humbek, Olav"]
[Black "Semik, Robert"]
[Result "1-0"]
[WhiteElo "1648"]
[BlackElo "1295"]
[PlyCount "103"]
[EventDate "2000.01.28"]
[EventType "swiss"]
[EventRounds "9"]
[EventCountry "GER"]
[SourceTitle "EXT 2006"]
[Source "ChessBase"]
[SourceDate "2005.11.24"]
[SourceVersion "1"]
[SourceVersionDate "2005.11.24"]
[SourceQuality "1"]

1. e4 d6 2. d4 e5 3. dxe5 Qe7 4. exd6 Qxe4+ 5. Be3 Bxd6 6. Nc3 Qg6 7. Nf3 Ne7 8. Qd2 0-0 9. 0-0-0 Bb4 10. a3 Bd6 11. Nd4 a6 12. Bd3 Qf6 13. Ne4 Qe5 14. Nf3 Qh5 15. Nxd6 cxd6 16. Bg5 Nbc6 17. Rhe1 f6 18. Bc4+ Kh8 19. Bf4 d5 20. Bxd5 Nxd5 21. Qxd5 Qxd5 22. Rxd5 Bg4 23. Nd4 Rae8 24. Be3 Ne5 25. h3 Bh5 26. Nf5 Nc4 27. Rd7 Rf7 28. Rxf7 Bxf7 29. Rd1 g6 30. Nd6 Nxd6 31. Rxd6 Kg7 32. Rd7 b5 33. Ra7 Re6 34. Kd2 f5 35. Bd4+ Kf8 36. Kd3 Rd6 37. b3 h5 38. c4 Ke8 39. c5 Rd7 40. Rxa6 Bxb3 41. Rxg6 Bc4+ 42. Kc3 Ra7 43. Kb2 Re7 44. c6 Re2+ 45. Kc3 Ke7 46. c7 Kd7 47. Bb6 Re8 48. Kb4 Bd3 49. Rh6 Re4+ 50. Kc3 Be2 51. Rh7+ Kc8 52. Rh8+ 1-0

[Event "Lohmar op"]
[Site "Lohmar"]
[Date "2000.03.10"]
[Round "6"]
[White "Semik, Robert"]
[Black "Baumgarten, Fred"]
[Result "0-1"]
[WhiteElo "1295"]
[BlackElo "1558"]
[PlyCount "136"]
[EventDate "2000.01.28"]
[EventType "swiss"]
[EventRounds "9"]
[EventCountry "GER"]
[SourceTitle "EXT 2006"]
[Source "ChessBase"]
[SourceDate "2005.11.24"]
[SourceVersion "1"]
[SourceVersionDate "2005.11.24"]
[SourceQuality "1"]

1. c4 Nf6 2. d4 c5 3. Nf3 e6 4. Nc3 d5 5. cxd5 Nxd5 6. dxc5 Bxc5 7. Nxd5 exd5 8. e3 Bg4 9. Be2 0-0 10. 0-0 Nc6 11. a3 Rc8 12. b4 Bb6 13. Bb2 Qd7 14. Nd4 Bxe2 15. Nxe2 Rfd8 16. Rc1 f6 17. Nd4 Ne5 18. Rxc8 Rxc8 19. Nf3 Nc4 20. Bc1 a5 21. Nd2 axb4 22. axb4 Qf5 23. h3 Ne5 24. Nb3 Ng6 25. Qg4 Qxg4 26. hxg4 Ne5 27. g5 Rc3 28. Na5 Bxa5 29. bxa5 Nc4 30. gxf6 gxf6 31. Kh2 Nxa5 32. Bd2 Rc5 33. Bxa5 Rxa5 34. Rb1 b5 35. Kg3 Kf7 36. Rc1 Ke6 37. Kf3 b4 38. Rc6+ Ke5 39. Rb6 Ra4 40. Ke2 Ra2+ 41. Ke1 Rb2 42. Ra6 b3 43. Ra1 Ra2 44. Rb1 b2 45. Kd2 d4 46. exd4+ Kxd4 47. Kc2 Kc4 48. Rh1 b1Q+ 49. Kxb1 Rxf2 50. Rxh7 Rxg2 51. Rc7+ Kd5 52. Rc1 f5 53. Rc8 f4 54. Kc1 Ke4 55. Kd1 Ke3 56. Re8+ Kf2 57. Re2+ Kg3 58. Re8 Rg1+ 59. Kd2 f3 60. Rg8+ Kf2 61. Re8 Rg2 62. Rf8 Rg6 63. Rf5 Rd6+ 64. Kc2 Ke2 65. Re5+ Kf1 66. Rf5 f2 67. Re5 Rg6 68. Kd2 Kg1 0-1

[Event "Lohmar op"]
[Site "Lohmar"]
[Date "2000.02.04"]
[Round "2"]
[White "Semik, Robert"]
[Black "Moews, Thomas"]
[Result "0-1"]
[WhiteElo "1295"]
[BlackElo "1714"]
[PlyCount "74"]
[EventDate "2000.01.28"]
[EventType "swiss"]
[EventRounds "9"]
[EventCountry "GER"]
[SourceTitle "EXT 2006"]
[Source "ChessBase"]
[SourceDate "2005.11.24"]
[SourceVersion "1"]
[SourceVersionDate "2005.11.24"]
[SourceQuality "1"]

1. c4 Nf6 2. d4 g6 3. Nc3 Bg7 4. e4 d6 5. Bg5 h6 6. Bh4 0-0 7. f3 Nbd7 8. Nge2 e5 9. d5 Qe8 10. Qd2 b6 11. Bf2 a5 12. Be3 Kh7 13. g4 Ng8 14. h4 f5 15. gxf5 gxf5 16. f4 fxe4 17. Bg2 Nc5 18. Bxc5 bxc5 19. Bxe4+ Kh8 20. fxe5 Qxe5 21. 0-0-0 Bf5 22. Rde1 Bxe4 23. Ng1 Bxh1 24. Rxe5 Bxe5 25. Nge2 Bf3 26. Kc2 Bh5 27. Kb3 a4+ 28. Ka3 Rf2 29. Qe3 Rf3 30. Qe4 Kg7 31. Nc1 Nf6 32. Qe1 Rb8 33. Qd2 Rxb2 34. Qxb2 Rxc3+ 35. Kxa4 Rxc4+ 36. Ka3 Bxb2+ 37. Kxb2 Rxc1 0-1